[Event "WchT 6th"]
[Site "Beersheba"]
[Date "2005.11.03"]
[Round "3.3"]
[White "Asrian, Karen"]
[Black "Moiseenko, Alexander"]
[Result "1/2-1/2"]
[WhiteElo "2645"]
[BlackElo "2663"]
[Annotator "Rogozenco,D"]
[PlyCount "82"]
[EventDate "2005.11.01"]
[EventType "team-tourn"]
[EventRounds "9"]
[EventCountry "ISR"]
[SourceTitle "CBM 110"]
[Source "ChessBase"]
[SourceDate "2006.01.31"]
[SourceVersion "1"]
[SourceVersionDate "2006.01.31"]
[SourceQuality "1"]
[WhiteTeam "Armenia"]
[BlackTeam "Ukraine"]
[WhiteTeamCountry "ARM"]
[BlackTeamCountry "UKR"]

1. e4 c5 2. Nf3 Nc6 3. d4 cxd4 4. Nxd4 Nf6 5. Nc3 e5 6. Ndb5 d6 7. Bg5 a6 8.
Na3 b5 9. Bxf6 gxf6 10. Nd5 f5 11. g3 fxe4 12. Bg2 Be6 13. Bxe4 Bg7 14. Qh5 Rc8
15. Rd1 Ne7 16. c3 Rc5 17. Nb4 Qb6 18. Qg5 Kf8 19. Qe3 f5 20. Bg2 e4 21. Nac2
a5 (21... Kf7 22. Nd4 Bxd4 23. Qxd4 Rd8 24. f3 $5 a5 25. Nc2 Nc6 26. Qd2 (26.
Qe3 exf3 27. Qxf3 Re5+ 28. Kd2 Ne7 29. a3 $13) 26... Re5 (26... d5 27. Qh6 $36)
27. fxe4 fxe4 28. Qh6 Kg8 29. Ne3 $36) 22. Nd4 Bc4 $1 (22... Bf7 23. Nbc2 b4 (
23... Qc7 24. a3 h5 25. O-O h4 26. f3 $36 {1-0 Szieberth,A (2390)-Amrein,R 
(2235)/Budapest 1998 (41)}) 24. cxb4 axb4 25. O-O d5 26. Nb3 Rc6 27. Ncd4 Bh6
28. f4 Bg7 29. Bh3 Bg6 30. g4 fxg4 31. Bxg4 Bf7 32. Kh1 h5 33. Bd7 Rd6 34. f5
Bh6 35. Qh3 Rxd7 36. f6 $16 {1-0 Ni Hua (2603)-Zhao Jun (2500)/Hyderabad 2005 
(45)}) 23. Nbc2 (23. b3 Bf7 (23... Kf7 24. bxc4 axb4 25. cxb4 Rxc4 26. Nxf5
Bc3+ 27. Kf1 Qxe3 28. Nxd6+ Kg7 29. fxe3 Rf8+ 30. Kg1 Rxb4 31. Nxe4 $16 {
1-0 Ris,R-Van Kerkhof,D/Schagen 2003 (71)}) 24. Nbc2 Nd5 $1 (24... b4 {
transposes to Rogers-Glavina Rossi, 1994, see below}) 25. Qg5 Nxc3 $17) 23...
Kf7 $146 (23... b4 24. b3 Bf7 25. cxb4 axb4 26. O-O h6 $13 {1/2-1/2 Rogers,I 
(2565)-Glavina Rossi,P (2395)/Cala Galdana 1994 (59)}) 24. Nb3 (24. b3 $6 Bd3 {
[%csl Rc3]}) (24. Bh3 $5) 24... Bxb3 (24... Rc6 25. Ncd4 $1 $14) 25. axb3 b4 {
Black is in time to create counterplay.} 26. c4 {The right decision to
sacrifice a pawn. Otherwise White is worse.} (26. cxb4 axb4 27. O-O Rb8 28. Nd4
Rd5 $15) 26... Bxb2 27. O-O Rb8 28. Qf4 (28. f3 d5 29. fxe4 dxc4 30. exf5 $140
Re5 $1 31. Qxb6 Rxb6 $17) 28... Ng6 $1 (28... d5 29. Ne3 d4 30. Nd5 $36 {
[%csl Rb2,Rf7]}) (28... Rd8 $2 29. Bxe4) 29. Qxd6 Qxd6 30. Rxd6 a4 $1 31. bxa4
Rxc4 (31... b3 $1 32. Ne3 Bf6 $44 {[%cal Gb3b2] with such a strong b-pawn
Black has more than enough compensation.}) 32. Ne3 Rc5 33. Rb1 Bc3 34. Bh3 Ne7
35. Bf1 {Right in time to stop the b-pawn. Now the position is equal.} Rbc8 (
35... b3 $2 36. Bc4+) 36. Bb5 R8c7 37. Kg2 Kg7 38. Kf1 Be5 39. Rdd1 Bc3 40. Rd6
Be5 41. Rdd1 Bc3 1/2-1/2

[Event "Asia-ch 4th"]
[Site "Doha"]
[Date "2003.02.24"]
[Round "3"]
[White "Sadvakasov, Darmen"]
[Black "Hossain, Enamul"]
[Result "1-0"]
[WhiteElo "2523"]
[BlackElo "2451"]
[Annotator "Rogozenco,D"]
[PlyCount "105"]
[EventDate "2003.02.22"]
[EventType "swiss"]
[EventRounds "9"]
[EventCountry "QAT"]
[SourceTitle "CBM 094"]
[Source "ChessBase"]
[SourceDate "2003.05.26"]
[SourceVersion "1"]
[SourceVersionDate "2003.05.26"]
[SourceQuality "1"]

1. e4 c5 2. Nf3 Nc6 3. d4 cxd4 4. Nxd4 Nf6 5. Nc3 e5 6. Ndb5 d6 7. Bg5 a6 8.
Na3 b5 9. Bxf6 gxf6 10. Nd5 f5 11. Bd3 Be6 12. O-O Bxd5 13. exd5 Ne7 14. c3 Bg7
15. Qh5 e4 16. Be2 (16. Bc2 {is the main continuation, with very complex
strategical positions and lots of theory.}) 16... O-O 17. Nc2 f4 18. f3 {
This is probably best, since White must stop the further advance of f-pawn.} (
18. Qg5 f5 $1) (18. a4 f5 19. axb5 f3 $1 {is known to be good for Black}) 18...
b4 $6 $146 (18... f5 {Most logical.} 19. fxe4 fxe4 20. Bg4 Kh8 21. Rae1 Be5 22.
Rxe4 Nxd5 23. Re2 $2 f3 $1 {Sadvakasov-Babula, Bled 2002}) (18... e3 $6 {
Now Black's pawn center loses its flexibility, that's why he must avoid the
blockade of his central pawns.} 19. Nb4 Re8 20. a4 $14 {1-0 Stefansson,
H-Zezulkin,J/Cappelle la Grande 1998 (53)}) 19. Nxb4 (19. cxb4 $2 Rc8 {[%csl
Rc2]}) 19... a5 20. Nc6 $1 (20. Nc2 Qb6+ 21. Kh1 Qxb2) 20... Nxc6 21. dxc6 Qb6+
22. Kh1 Qxb2 (22... Qxc6 23. fxe4 $16) 23. fxe4 {White keeps his strong pawn
on c6, which secures a clear advantage.} Rac8 24. Qb5 Qxb5 (24... Qxc3 25. Rac1
Qd2 26. Bg4 $18) 25. Bxb5 Bxc3 26. Rac1 Be5 27. Bc4 $1 $16 {Although the
material is equal, the presence of opposite-coloured bishops only makes
Black's position more difficult. Pawn on c6 is worth almost a piece.} d5 {
Black is rather forced to give away a pawn in order to control with the bishop
the crucial square c7.} 28. Bxd5 (28. exd5 Rb8 29. Ba6 Bc7 30. Rb1 Rxb1 31.
Rxb1 Rb8 32. Bb7 Kf8 33. Re1 Re8 {leaves Black with some hopes - White has
problems to break through.}) 28... Rb8 (28... Kg7 29. Rb1 Rb8 30. Rb7 $18) 29.
g3 $1 fxg3 30. Rf5 g2+ (30... Bc7 31. Rcf1 g2+ 32. Kxg2 Rb2+ 33. Kf3 Rxh2 34.
Ke3 $18) 31. Kxg2 Rb2+ 32. Kf3 Bc7 33. Rg1+ Kh8 34. Rxf7 $18 Rxf7+ 35. Bxf7 Rb8
36. Be6 Rf8+ 37. Bf5 Rf6 38. Rc1 Kg7 39. h3 Kf8 40. Kg4 h6 41. e5 Rf7 (41...
Bxe5 42. c7) 42. e6 Rg7+ 43. Kf3 Ke7 44. Rd1 Bd6 45. Ke4 Bc7 46. a4 Kf6 47. Bg4
Bh2 48. Rf1+ Ke7 49. Rf5 Bc7 50. Kd5 Bb6 51. Rf7+ Rxf7 52. exf7 Bc7 (52... Kxf7
53. Kd6) 53. Bh5 {The king comes to b7 and White wins the bishop.} 1-0

[Event "RUS-chT 07th"]
[Site "Smolensk"]
[Date "2000.04.21"]
[Round "7"]
[White "Gutov, Andrey"]
[Black "Filippov, Valerij"]
[Result "0-1"]
[WhiteElo "2477"]
[BlackElo "2584"]
[Annotator "Rogozenco,D"]
[PlyCount "72"]
[EventDate "2000.04.15"]
[EventType "team-tourn"]
[EventRounds "11"]
[EventCountry "RUS"]
[SourceTitle "CBM 077"]
[Source "ChessBase"]
[SourceDate "2000.07.27"]
[SourceVersion "1"]
[SourceVersionDate "2000.07.27"]
[SourceQuality "1"]
[WhiteTeam "Novokuznetsk"]
[BlackTeam "Tomsk 400"]
[WhiteTeamCountry "RUS"]
[BlackTeamCountry "RUS"]

1. e4 c5 2. Nf3 e6 3. d4 cxd4 4. Nxd4 Nf6 5. Nc3 Nc6 6. Ndb5 d6 7. Bf4 e5 8.
Bg5 a6 9. Na3 b5 10. Nd5 Be7 11. Bxf6 Bxf6 12. c3 O-O 13. Nc2 Bg5 14. a4 bxa4
15. Rxa4 a5 16. Bb5 Bb7 {Filippov played this position so many times and with
good results, that I wonder why should White repeat it without any improvement.
} 17. Nce3 ({better is} 17. O-O Ne7 18. Bc4) 17... Bxe3 18. Nxe3 Qb6 19. Qd3
Ne7 20. O-O Rfd8 21. Bc4 Bc6 22. Ra3 {This must be the improvement, but Black
is very okay anyway.} (22. Ra2 Qb7 23. Nd5 Bxd5 (23... Nxd5 24. exd5 Bd7 25. b3
Rdc8 26. f4 {1/2-1/2 Berndt,S-Ankerst,M/Bled SLO 2000}) 24. Bxd5 Nxd5 25. exd5
g6 26. Rfa1 Rdc8 27. h3 Rab8 28. Qd2 Kg7 29. f4 Rc5 $15 {0-1 Xie Jun-Filippov,
V/Shanghai CHN 2000/(47)}) 22... a4 {better than} (22... Qb7 23. Rb3 Qc7 24.
Nd5) 23. b4 axb3 24. Rxb3 Qc5 25. Rfb1 (25. Rd1 $2 Ba4 $19) 25... g6 26. Bb5 (
26. Ng4 {brings nothing:} Kg7 27. Qd2 Ng8) 26... d5 27. Bxc6 Qxc6 28. exd5 Nxd5
29. Rd1 (29. Nxd5 Rxd5 30. Qe2 Rad8 $15) 29... Kg7 30. Nxd5 Rxd5 31. Qf1 Ra2
$17 32. Rxd5 Qxd5 33. Rb5 Qe4 34. Rb1 (34. Rb4 Qc6 $17 35. Rc4 Qa8 $1 $19)
34... Qf4 35. Rc1 $2 (35. g3 Qf3 36. c4 $140 e4 37. Re1 Rc2 38. Rc1 Re2 39. Re1
) 35... Rxf2 36. Qd1 Qe3 0-1

[Event "Morelia/Linares 25th"]
[Site "Morelia/Linares"]
[Date "2008.02.19"]
[Round "4"]
[White "Shirov, Alexei"]
[Black "Topalov, Veselin"]
[Result "1-0"]
[WhiteElo "2755"]
[BlackElo "2780"]
[Annotator "Rogozenco,D"]
[PlyCount "125"]
[EventDate "2008.02.15"]
[EventType "tourn"]
[EventRounds "14"]
[EventCountry "ESP"]
[EventCategory "21"]
[SourceTitle "CBM 123"]
[Source "ChessBase"]
[SourceDate "2008.04.02"]
[SourceVersion "1"]
[SourceVersionDate "2008.04.02"]
[SourceQuality "1"]

1. e4 c5 2. Nf3 Nc6 3. d4 cxd4 4. Nxd4 Nf6 5. Nc3 e5 6. Ndb5 d6 7. Bg5 a6 8.
Na3 b5 9. Nd5 Be7 10. Bxf6 Bxf6 11. c3 Bg5 12. Nc2 O-O 13. a4 bxa4 14. Rxa4 a5
15. Bc4 Bd7 {Instead of the most principled continuation 15...Rb8 Topalov
chooses a rare line advocated by Radjabov.} 16. O-O Ne7 (16... Nd4 17. Ra2 Ne6
18. Qe2 a4 19. Ncb4 Nc5 20. Nd3 Ne6 21. Rfa1 $14 {1-0 Anand,V-Radjabov,T/Monte
Carlo (rapid) 2007 (44)}) (16... Nb4 17. Ra3 (17. Ncxb4 $5 Bxa4 18. Qxa4 axb4
19. Qxb4 $44) 17... Rc8 18. cxb4 axb4 19. Ra6 Rxc4 20. Rxd6 b3 21. Nce3 Rd4 22.
Qxb3 Qc8 23. Qc2 Be6 24. Rc6 Qb8 $14 {/=, 1/2-1/2 Volokitin,A-Radjabov,T/Biel
2006 (28)}) 17. Ra3 {Usually the rook goes to a2 in order to keep the b2-pawn
protected, but Shirov's plan is to advance the b-pawn, justifying the position
of the rook on a3.} (17. Ra2 Rc8 18. Nxe7+ Qxe7 19. Bd5 Rc5 20. b3 Rxc3 21.
Rxa5 Be6 {gave Black a quick draw in the rapid game Anand,V (2779)-Radjabov,T 
(2728)/Mainz 2006}) 17... Nxd5 $146 (17... Rc8 18. Nxe7+ Qxe7 19. Qd3 Rc5 20.
Rd1 {was marginally better for White in 1/2-1/2 Smeets,J-Khairullin,I/
Hoogeveen 2006 (104)}) 18. Bxd5 Rb8 19. b4 axb4 20. Nxb4 ({In case of} 20. cxb4
{the position is equal: the knight can't come to d5, while the passed b-pawn
will be easily blockaded.}) 20... Qb6 21. Qe2 (21. Ra6 Qc7 22. Rxd6 Kh8 $1 (
22... Qxd6 $4 23. Bxf7+ Rxf7 24. Qxd6 $18) 23. Bb3 Bb5 $44) 21... Bb5 22. Bc4
Rfc8 23. Bxb5 Qxb5 24. Qxb5 ({After} 24. Qg4 {Black continues} Bd8 (24... h6 $2
{is a mistake in view of} 25. Na6 $1 {[%csl Rc8]} Ra8 26. Nc7 $1 $18)) 24...
Rxb5 {The simplifications didn't change much: White keeps a symbolic edge
thanks to the knight which will soon come to d5. On the other hand the only
weakness in Black's position - the pawn on d6 - is compensated for by the
weakness on c3 and normally Black should achieve a draw without major problems.
} 25. Rd1 g6 26. g3 (26. Rxd6 $4 Rxb4 27. cxb4 Rc1+) 26... Kg7 27. Nd5 (27.
Rxd6 Be7 28. Rd5 Bxb4 29. cxb4 Rxb4 30. Rxe5 Kf6 {is an immediate draw}) 27...
Rc4 ({More precise is} 27... Rb2 {after which White should continue} 28. Rd3
$11 {/+/=} (28. Ra6 {leads to a draw:} Bd2 29. Rxd6 Bxc3 30. Rc1 Rb3 (30... Bb4
31. Rxg6+ hxg6 32. Rxc8 Be1 {is a slightly more complicated draw}) 31. Rd7 Rc5
$11 {followed by Bd4.})) (27... Bd8 28. Ra6 $14) 28. Ra7 $1 {The only way to
keep some pressure.} Bd8 ({After} 28... Rxe4 29. Nc7 {White suddenly develops
a strong initiative}) 29. Rd7 Ba5 30. Re1 (30. Rxd6 Rxe4 $11) ({A human with
little time has no chance to find a variation like} 30. Rd3 Rxe4 31. Rf3 Rxd5
32. Rfxf7+ Kh6 (32... Kg8 33. Rg7+ Kf8 34. Rxh7 Kg8 35. Rdg7+ Kf8 36. Ra7 Kg8
37. Rhd7 $18) 33. Kg2 $1 {Objectively it would have offered White certain
winning chances.} (33. h4 $2 Kh5 34. Rxh7+ Kg4 35. Kg2 Rd2 36. Rhg7 Kf5 $19))
30... Bb6 31. Nxb6 $1 (31. Rxd6 $2 Bc5 32. Rf6 (32. Rc6 $4 Bxf2+ 33. Kxf2 Rxc6
$19) 32... Rb2 33. Kf1 Rd2 {[%csl Rf6][%cal Gd2d5]} 34. Rf3 f5 $1 $36) 31...
Rxb6 32. Re3 {It turns out that this endgame is not so trivial. White brings
the rook to f3 and Black must wait in complete passivity.} Rc8 33. Rf3 Rf8 34.
Kf1 {One of the black rooks protects the d6-pawn, the other - the f7-pawn. He
can't do much with the rooks.  The safest way to defend for Black is to
improve the kingside pawn structure (with the move ...h7-h5) and then wait,
eventually trying to prevent the march of the white king to d5. Topalov's
desire to clarify the situation as soon as possible backfired.} g5 {The idea
is to free the g6-square for the king.} (34... h5 35. Ke2 Rc6 {is enough for a
draw and White can't make much progress:} ({or} 35... Rb2+ 36. Kd3 Rb1 37. Kc4
Rc8+ 38. Kd3 Rf8 39. Kc2 Rb6) 36. Rd3 (36. Kd3 Rb6 37. Rc7 Rb2 38. Kc4 Rd2 39.
h4 Kg8 40. Rf6 Kg7 {this is the difference compared to the game: Black can
wait with the king} 41. Rf3 Kg8 $11) 36... Rfc8 37. Kd2 Rb6 38. R7xd6 (38. Rf3
Rf8) 38... Rb2+ 39. Ke3 Rc2 $11) 35. h4 $5 ({Nothing is achieved by} 35. Ke2
Rc6 ({not} 35... Kg6 $2 36. Rd3) 36. Kd3 Kg6) 35... g4 ({More stubborn is} 
35... gxh4 36. gxh4 ({After} 36. g4 Kg6 {(with the idea h5)} 37. Rf5 f6 38. Rh5
h6 39. Rxh4 Rc8 40. Rh3 Rc4 41. Re3 Ra6 {the draw is obvious}) 36... Kg6 {
For instance:} 37. Rd3 Kh5 38. R7xd6 Rxd6 39. Rxd6 Kxh4 40. Rh6+ Kg5 41. Rxh7
Kf4 42. Rh4+ Kf3 $11) 36. Rf5 h6 37. Ke2 {The g6-square is not available for
the black king due to a possible check by h4-h5; so with the last moves Black
has only worsened his situation on the kingside. Now the only chance is to
prevent White from activating his king.} Rc6 38. Kd2 Kg6 39. h5+ Kg7 40. Kd3
Rb6 41. Rc7 $1 (41. Kc4 Rc8+ {and the king can't go to d5 due to the mate on
c5:} 42. Kd5 $4 Rc5#) 41... Rb1 42. Kc4 Rd1 43. Kb5 Kg8 $2 {This only offers
White an additional resource: the f6-square for the rook.} ({In spite of
coming with the king to the queenside, it is not clear if White can win after} 
43... Rc1 44. Kb6 Rb8+ 45. Ka7 Rf8 46. Kb7 Rc2 {For example:} 47. c4 ({or} 47.
Rc4 f6 48. Kc7 Rd2 49. Kd7 Kf7 50. Rc6 Ra8 51. Rc7 Rd3) 47... Rc3 48. Rc6 Re8
49. Kc7 Re6 50. Kd7 Ra3 $1) 44. Rf6 $1 Rd2 (44... Kg7 {loses the pawn g4:} 45.
Rg6+ Kh7 46. Rxg4 $18) 45. Kc6 {Now White should be winning.} Kg7 (45... Rd3
46. c4 Rd4 47. Kd7 Rxe4 48. Kxd6 {and the c-pawn will decide the outcome.}) 46.
Rg6+ Kh7 47. Rxg4 Rxf2 48. Kxd6 $18 Re8 49. c4 Rd2+ 50. Kc6 Rf8 51. c5 Rd4 52.
Rb7 Kh8 53. Kb5 Rd1 54. c6 Rc1 55. Kb6 Rc8 56. c7 Re8 57. Ra7 Rb1+ 58. Kc5 Rc1+
59. Kd5 Rc2 60. Ra6 Kh7 61. Rc6 Rd2+ 62. Kc5 Ra8 63. Rh4 {Via h1 and b1 the
rook goes to b8, so Topalov resigned.} 1-0

[Event "Corus"]
[Site "Wijk aan Zee"]
[Date "2001.01.23"]
[Round "9"]
[White "Anand, Viswanathan"]
[Black "Leko, Peter"]
[Result "1/2-1/2"]
[WhiteElo "2790"]
[BlackElo "2745"]
[Annotator "Rogozenco,D"]
[PlyCount "68"]
[EventDate "2001.01.13"]
[EventType "tourn"]
[EventRounds "13"]
[EventCountry "NED"]
[EventCategory "19"]
[SourceTitle "CBM 081"]
[Source "ChessBase"]
[SourceDate "2001.03.20"]
[SourceVersion "1"]
[SourceVersionDate "2001.03.20"]
[SourceQuality "1"]

1. e4 c5 2. Nf3 e6 3. d4 cxd4 4. Nxd4 Nf6 5. Nc3 Nc6 6. Ndb5 d6 7. Bf4 e5 8.
Bg5 a6 9. Na3 b5 10. Bxf6 gxf6 11. Nd5 f5 12. Bd3 Be6 13. c3 Bg7 14. Qh5 O-O
15. O-O f4 {This typical position for Sveshnikov Sicilian was not very popular
on the high level lately. Comparing with the line 12.Qh5 Bg7 13.0-0 0-0, White
played 14.c3 instead of the strongest 14.c4. On the other hand it is a complex
system for White which was played often in the past. Black must play
energically in order to create counterplay.} 16. Rad1 {Mainly against f5.
White abandons the plan on the queenside connected with Nc2 and a4 and
prepares for the plan with g3.} (16. Nc2 f5 {is okay for Black.}) (16. Rfd1 {
is the main alternative to the game move. White prepares Nc2 and a4.} Rb8 17.
Nc2 Qd7 18. Qe2 Bxd5 19. exd5 Ne7 20. Nb4 a5 21. Nc6 Nxc6 22. Qh5 h6 23. Bf5
Qc7 24. dxc6 Qxc6 {1/2-1/2 Timman,J-Parma,B/Bled 1979}) 16... Kh8 (16... Rb8 {
Worth consideration. Black prepares Qd7.} 17. Nc2 Qd7 18. Qe2 Bxd5 (18... Kh8
19. Rfe1 f5 $13 {1/2-1/2 Byrne,R-Timman,J/Bugojno 1978/MCL/ (51)}) 19. exd5 Ne7
{with a complicated position, difficult for evaluation. I would prefer Black,
but it might be a subjective approach. 0-1 Vadla,Z-Podlesnik,B/Pula 1998 (52)})
(16... f5 $6 17. exf5 Bxd5 18. f6 Rxf6 19. Bxh7+ Kf8 20. Rxd5 Ne7 21. Qf3 Nxd5
22. Qxd5 Ra7 23. h3 $16 {1-0 Hartoch,R-Jamieson,R/Wijk aan Zee 1977/ (48)}) 17.
g3 $1 $146 {This direct approach looks more logical than the slow 17.Nc2.} (17.
Nc2 Rg8 $13) 17... Rg8 18. Kh1 Bf8 19. Be2 $1 Rg5 20. Qf3 (20. Qh4 Rc8 {
[%cal Rf7f5]} (20... f5 $140 $2 21. Nc7 $1)) 20... f5 $5 {Going for an active
play.} (20... fxg3 21. fxg3 {which helps White to open the f-file, leads to a
rather passive, but playable position for Black.}) 21. gxf4 fxe4 22. Qxe4 Bf5
23. Qe3 exf4 24. Nxf4 Ne5 {[%csl Ra3] So Black is a pawn down, hoping to
compensate it with the active pieces and the bad placed Knight on a3.} 25. Nd5
(25. Nc2 {deserved attention, bringing the Knight into play as soon as
possible.} Bxc2 $2 26. Ne6 {is in White's favour who remains a pawn up and no
compensation at all.}) 25... Ng4 26. Bxg4 Rxg4 27. Rg1 (27. f3 $5) 27... Bg7
28. f3 Rxg1+ 29. Rxg1 Qf8 $44 {[%cal Ga8e8] The Knight is still on a3 and with
his Bishop pair Black has good compensation for the pawn.} 30. Qe7 {The right
decision to go for a draw.} (30. Nc7 $2 Rc8 31. Nxa6 Re8 {And Black's
compensation is very strong.} 32. Qf2 (32. Qa7 Bg4 $3) 32... Bd3 $17 {[%csl
Ra3,Ra6,Rf3,Rh1][%cal Ge8e2]}) (30. Re1 {was a possible alternative, but there
is no sense to keep Queens on the board.} Qf7 $44) 30... Qxe7 31. Nxe7 Be6 32.
Rd1 Bxa2 33. Nc6 (33. Rxd6 $2 Bf8 34. Rd7 Re8 35. Nd5 Bxd5 36. Rxd5 Re1+ 37.
Kg2 Re2+ 38. Kg3 Rxb2 {[%csl Ra3] and the poor Knight dies on a3!}) 33... Bf8 (
33... Be5 34. Nxe5 dxe5 35. Rd6 Bb3 (35... Rg8 36. Nc2 $11) 36. Kg2 $11) 34.
Nc2 Re8 1/2-1/2